[Event "Ä13Ï"]
[Site "Loo"]
[Date "2017.04.23"]
[Round "4.27"]
[White "Àí÷èêîâà, Îëüãà."]
[Black "Äåíùèê, Àëåêñàíäðà."]
[Result "1/2-1/2"]
[WhiteElo "1367"]
[BlackElo "1266"]
[PlyCount "107"]
[EventDate "2017.04.20"]

1. d4 d5 2. c4 e6 3. Nc3 c6 4. e3 f5 5. Nf3 Nf6 6. Bd3 Bd6 7. O-O O-O 8. b3 b6
9. Bb2 Nbd7 10. Rc1 Bb7 11. h3 Rc8 12. Ne2 c5 13. Nf4 Bxf4 14. exf4 Ne4 15. Re1
Qc7 16. g3 Ndf6 17. Nd2 Nxd2 18. Qxd2 Ne4 19. Bxe4 dxe4 20. dxc5 Qc6 21. Qe3
Qxc5 22. Qxc5 Rxc5 23. Ba3 Rfc8 24. Bxc5 Rxc5 25. Red1 h6 26. Rd7 Bc6 27. Rxa7
Be8 28. Rd1 Bh5 29. Rd8+ Kh7 30. Rdd7 Kg6 31. Rxg7+ Kf6 32. Rgb7 Rc8 33. Rxb6
Rd8 34. g4 fxg4 35. Ra5 Rd1+ 36. Kh2 g3+ 37. Kxg3 Rd3+ 38. Kh4 Bg6 39. Rbb5 Rd1
40. b4 Rd3 41. Rc5 Rf3 42. f5 Bxf5 43. Rxf5+ exf5 44. c5 Rxf2 45. Kg3 e3 46. c6
f4+ 47. Kg4 e2 48. c7 e1=Q 49. c8=Q Rg2+ 50. Kh5 Qe2+ 51. Kh4 Qf2+ 52. Kh5 Qe2+
53. Kh4 Qf2+ 54. Kh5 1/2-1/2

[Event "Ä13Ï"]
[Site "Loo"]
[Date "2017.04.23"]
[Round "4.29"]
[White "Ìàãèçîâà, ßíà."]
[Black "Àðåôüåâà, Îëüãà."]
[Result "1-0"]
[WhiteElo "1610"]
[BlackElo "1212"]
[PlyCount "83"]
[EventDate "2017.04.20"]

1. e4 c5 2. c4 d6 3. Nc3 Nf6 4. g3 g6 5. Bg2 Bg7 6. d3 O-O 7. Nge2 Nc6 8. O-O
Bd7 9. Bg5 a6 10. Qd2 Rb8 11. a4 Nb4 12. f4 h6 13. Bh4 Qc7 14. h3 h5 15. f5 b5
16. axb5 axb5 17. fxg6 fxg6 18. b3 bxc4 19. bxc4 Qc8 20. Kh2 Kh7 21. Bg5 Ra8
22. Rxa8 Qxa8 23. e5 Bc6 24. Bxc6 Qxc6 25. exf6 exf6 26. Bf4 d5 27. cxd5 Nxd5
28. Nxd5 Qxd5 29. Be3 c4 30. Nf4 Qc6 31. Rc1 Qd7 32. Rxc4 Qf7 33. Qc2 Kg8 34.
Rc7 Qe8 35. Qb3+ Kh8 36. Bc5 Rg8 37. Re7 Qc8 38. Qd5 g5 39. Nxh5 Bf8 40. Qxg8+
Kxg8 41. Nxf6+ Kh8 42. Rh7# 1-0

[Event "Ä13Ï"]
[Site "Loo"]
[Date "2017.04.23"]
[Round "4.30"]
[White "Ìîõàììàä, Äàðèíà."]
[Black "Îíäàð, Øóðó."]
[Result "1-0"]
[WhiteElo "1211"]
[BlackElo "1449"]
[PlyCount "57"]
[EventDate "2017.04.20"]

1. d4 d5 2. Bf4 Bf5 3. Nf3 Nf6 4. e3 Nbd7 5. Bd3 c6 6. Bxf5 Qb6 7. b3 e6 8. Bd3
Rc8 9. O-O Be7 10. Qe2 a6 11. Nbd2 c5 12. c3 O-O 13. Bg5 Bd6 14. Rac1 Rc6 15.
h3 Rfc8 16. Bxf6 Nxf6 17. Ne5 R6c7 18. Rb1 Qa5 19. Ndf3 cxd4 20. cxd4 Ba3 21.
Qd2 Qxd2 22. Nxd2 Bb4 23. Ndf3 Rc3 24. Rfd1 Ne8 25. Ng5 Nd6 26. Ngf3 g6 27. Ne1
Nb5 28. Bxb5 axb5 29. N1d3 {äàëååòçàïèñü íåðàçáîð~~èâà} 1-0

[Event "Ä13Ï"]
[Site "Loo"]
[Date "2017.04.23"]
[Round "4.31"]
[White "Ôîðîñòÿíàÿ, Ñîôèÿ."]
[Black "Øïóíò, Åëåíà."]
[Result "1-0"]
[WhiteElo "1179"]
[BlackElo "1346"]
[PlyCount "109"]
[EventDate "2017.04.20"]

1. e4 e5 2. Nf3 Nc6 3. d4 exd4 4. Bc4 h6 5. Nxd4 Ne5 6. Bb3 Nf6 7. O-O Bd6 8.
f4 Nc6 9. e5 Bc5 10. c3 Nh7 11. Kh1 O-O 12. Bc2 f6 13. Qd3 f5 14. Qc4+ Kh8 15.
Qxc5 Ne7 16. Nd2 b6 17. Qc4 a5 18. b4 axb4 19. cxb4 c6 20. Qb3 b5 21. Qh3 d6
22. exd6 Qxd6 23. Qc3 Bd7 24. Bb3 Nf6 25. Qc5 Qxc5 26. bxc5 Ned5 27. N2f3 Nb4
28. Ne5 Na6 29. Ng6+ Kh7 30. Nxf8+ Rxf8 31. Be3 Re8 32. Rfe1 Ne4 33. Bc2 Naxc5
34. Nxf5 Nb7 35. Ng3 Nbd6 36. Bc5 Kh8 37. Nxe4 Nc4 38. Nd6 Nxd6 39. Bxd6 Ra8
40. Bb3 Bf5 41. Re5 Bd3 42. Rd1 Bg6 43. h3 Kh7 44. f5 Bh5 45. g4 Be8 46. Re7 c5
47. Bxc5 Bc6+ 48. Kh2 Rb8 49. Bd4 Rb7 50. Rxb7 Bxb7 51. Re1 Be4 52. Rxe4 h5 53.
g5 b4 54. g6+ Kh6 55. Be3# 1-0

[Event "Ä13Ï"]
[Site "Loo"]
[Date "2017.04.23"]
[Round "4.32"]
[White "Ñîáëèðîâà, Ñàáèíà."]
[Black "Áàëàíäèíà, Àëèñà."]
[Result "1/2-1/2"]
[WhiteElo "1114"]
[BlackElo "1333"]
[PlyCount "105"]
[EventDate "2017.04.20"]

1. d4 Nf6 2. Nf3 g6 3. c4 Bg7 4. Nc3 d5 5. e3 O-O 6. Be2 Bf5 7. O-O c6 8. Qb3
b6 9. Ne5 Nfd7 10. Nxd7 dxc4 11. Nf6+ Bxf6 12. Qxc4 e5 13. d5 cxd5 14. Nxd5 Nd7
15. e4 Be6 16. Nxf6+ Nxf6 17. Qb4 Qd4 18. Qxd4 exd4 19. e5 Nd7 20. Rd1 Nxe5 21.
Rxd4 Rfe8 22. Ra4 Nc6 23. Be3 Bd5 24. Bb5 Rac8 25. Rd1 Be6 26. Rc1 Na5 27. Rxc8
Rxc8 28. b4 Bc4 29. bxa5 Bxb5 30. Rb4 Bc4 31. axb6 axb6 32. a4 Bd5 33. Rxb6 Ra8
34. Bd4 f5 35. Rd6 Bb3 36. Rd7 Rxa4 37. h3 Ba2 38. Bf6 Ra6 39. Bg5 Ra8 40. Bh6
Bf7 41. Kh2 Re8 42. Kg3 Rc8 43. Kh4 Ra8 44. Kg5 Rc8 45. f3 Ra8 46. h4 Rc8 47.
Rd6 Ra8 48. g4 fxg4 49. Kxg4 Ra4+ 50. f4 Ra8 51. Rc6 Rd8 52. Rc5 Ra8 53. Kg5
1/2-1/2

[Event "Ä13Ï"]
[Site "Loo"]
[Date "2017.04.23"]
[Round "4.33"]
[White "Ñóìàðîêîâà, Âåðà."]
[Black "Øåâöîâà, Ñòåôàíèÿ."]
[Result "1/2-1/2"]
[WhiteElo "1300"]
[BlackElo "1096"]
[PlyCount "64"]
[EventDate "2017.04.20"]

1. e4 e5 2. Bc4 Be7 3. Nc3 Nf6 4. d3 Nc6 5. Nf3 O-O 6. Be3 d6 7. Qd2 Bg4 8. h3
Bxf3 9. gxf3 Nd4 10. Bxd4 exd4 11. Ne2 c5 12. Rg1 d5 13. Bb3 dxe4 14. fxe4 Kh8
15. Qg5 Ne8 16. Qh5 Nf6 17. Qg5 Ne8 18. Qf5 Nd6 19. Qxc5 Nxe4 20. Qe5 Nf6 21.
O-O-O Ne8 22. Qxd4 Qxd4 23. Nxd4 Bc5 24. Ne2 Bxf2 25. Rgf1 Be3+ 26. Kb1 Nf6 27.
Rde1 Bd2 28. Rd1 Be3 29. Rde1 Bd2 30. Rd1 Be3 31. Rde1 Bd2 32. Rd1 Be3 1/2-1/2

[Event "Ä13Ï"]
[Site "Loo"]
[Date "2017.04.23"]
[Round "4.34"]
[White "Ïîêàñîâà, Èðèíà."]
[Black "Áî÷àðîâà, Äàðüÿ."]
[Result "0-1"]
[WhiteElo "1298"]
[BlackElo "1094"]
[PlyCount "74"]
[EventDate "2017.04.20"]

1. Nf3 d5 2. e4 dxe4 3. Ng5 Nf6 4. d3 exd3 5. Bxd3 e6 6. O-O Be7 7. Nc3 O-O 8.
Qf3 h6 9. Nge4 Nbd7 10. Qg3 Kh8 11. Qh3 Nh7 12. g4 Ne5 13. f4 Nxd3 14. cxd3
Qd4+ 15. Kg2 f5 16. Ng3 b6 17. gxf5 Bb7+ 18. Nce4 Qxd3 19. Re1 exf5 20. b3 fxe4
21. Bb2 Bf6 22. Bxf6 Nxf6 23. Rad1 e3+ 24. Kg1 Qc2 25. Qf1 Ng4 26. Re2 Qc6 27.
Rc1 Qe8 28. Rxc7 Ba6 29. Qe1 Bxe2 30. Qxe2 Rxf4 31. Qc2 Qf8 32. Qg6 e2 33. Rc1
Re8 34. Re1 Re3 35. Qc2 Rxg3+ 36. hxg3 Rf1+ 37. Rxf1 exf1=Q# 0-1

[Event "Ä13Ï"]
[Site "Loo"]
[Date "2017.04.23"]
[Round "4.37"]
[White "Ìóñòàôèíà, Þëèàíà."]
[Black "Êèðüÿíîâà, Åâãåíèÿ."]
[Result "0-1"]
[WhiteElo "1361"]
[BlackElo "1198"]
[PlyCount "154"]
[EventDate "2017.04.20"]

1. e4 c5 2. c3 Nc6 3. d4 cxd4 4. cxd4 d6 5. h3 g6 6. Nf3 Bg7 7. Be3 Nf6 8. Nc3
O-O 9. Bc4 e6 10. O-O a6 11. Qd2 b5 12. Bd3 Re8 13. a3 Bb7 14. Rac1 Rc8 15. Bb1
Na5 16. Bf4 Nb3 17. Qe3 Nxc1 18. Rxc1 e5 19. dxe5 dxe5 20. Bxe5 Ng4 21. hxg4
Bxe5 22. Nxe5 Rxe5 23. Rd1 Qc7 24. Qh6 Rd8 25. Re1 Bc8 26. Nd5 Rdxd5 27. Ba2
Rc5 28. f3 Qb6 29. Kh2 Qd6 30. Kg1 Qd4+ 31. Kh2 Rh5+ 32. gxh5 Rxh5+ 33. Qxh5
gxh5 34. Re2 Qe5+ 35. Kg1 Qg3 36. Kf1 h4 37. Rd2 Qc7 38. Rd3 h3 39. gxh3 Bxh3+
40. Ke2 Qc2+ 41. Rd2 Qc1 42. Bb3 Qf1+ 43. Ke3 h5 44. Rd6 Qe1+ 45. Kd3 Qf2 46.
Rf6 Bf1+ 47. Kc3 Qe1+ 48. Kd4 Qd2+ 49. Kc5 Qxb2 50. Bxf7+ Kg7 51. Rf5 Qxa3+ 52.
Kb6 Qd6+ 53. Ka5 h4 54. Bd5 h3 55. Rh5 h2 56. Bb7 Bg2 57. e5 Qc7+ 58. Kxa6 h1=Q
59. Rxh1 Bxh1 60. e6 Qd6+ 61. Kxb5 Qxe6 62. Bc6 Bxf3 63. Bxf3 Qf5+ 64. Kc4 Qxf3
65. Kd4 Qe2 66. Kd5 Qe3 67. Kc4 Qd2 68. Kc5 Kf6 69. Kc4 Ke5 70. Kc5 Qd5+ 71.
Kb4 Qc6 72. Kb3 Kd4 73. Kb4 Qc4+ 74. Ka5 Qb3 75. Ka6 Kc5 76. Ka7 Kc6 77. Ka8
Qb7# 0-1

[Event "Ä13Ï"]
[Site "Loo"]
[Date "2017.04.23"]
[Round "4.38"]
[White "Ïåòðîâà, Àíæåëèêà."]
[Black "Ñîêîëîâà, Åêàòåðèíà."]
[Result "1-0"]
[WhiteElo "1241"]
[BlackElo "1125"]
[PlyCount "111"]
[EventDate "2017.04.20"]

1. d4 d5 2. Nf3 Nf6 3. c4 e6 4. Nc3 c6 5. cxd5 exd5 6. Bg5 Be7 7. e3 O-O 8. Be2
Nbd7 9. O-O Re8 10. a3 h6 11. Bh4 Nh7 12. Bxe7 Qxe7 13. b4 b5 14. Rb1 a6 15.
Na2 a5 16. Qc1 Bb7 17. bxa5 Rxa5 18. Nb4 Rc8 19. Qc3 Raa8 20. Rfc1 Qd6 21. Bd3
g6 22. Qb2 Nhf6 23. h3 Ne8 24. Nd2 Nb6 25. Be2 Nc7 26. Nb3 Nc4 27. Bxc4 bxc4
28. Nc5 Ba6 29. a4 Rcb8 30. Qc2 Bc8 31. Qa2 Ne6 32. Nxe6 fxe6 33. Nc2 e5 34.
dxe5 Qxe5 35. Nd4 Bd7 36. a5 Rxb1 37. Rxb1 c5 38. Nf3 Qd6 39. Rd1 Qe6 40. Qa3
Qd6 41. Qc3 Qe6 42. Rb1 Qe4 43. Rb7 d4 44. Qxc4+ Be6 45. Qb5 dxe3 46. Rb8+ Rxb8
47. Qxb8+ Kg7 48. Qc7+ Kf6 49. Qxc5 e2 50. Qe3 Qxe3 51. fxe3 Kf5 52. Kf2 Bc4
53. Nd4+ Ke4 54. Nxe2 Be6 55. a6 Kf5 56. Nd4+ 1-0

[Event "Ä13Ï"]
[Site "Loo"]
[Date "2017.04.23"]
[Round "4.39"]
[White "Èâàíîâà, ßðîñëàâà."]
[Black "Áåëîçåðîâà, Îëüãà."]
[Result "1-0"]
[WhiteElo "1238"]
[BlackElo "1111"]
[PlyCount "38"]
[EventDate "2017.04.20"]

1. d4 Nf6 2. Nf3 g6 3. g3 Bg7 4. Bg2 O-O 5. O-O d6 6. c4 c6 7. h3 Bf5 8. Nc3
Nbd7 9. Re1 e5 10. e4 exd4 11. Nxd4 Be6 12. b3 c5 13. Nde2 Qc7 14. Bf4 Ne5 15.
Nb5 Qd7 16. Qxd6 Qxd6 17. Nxd6 Nd3 18. Rad1 Nxe1 19. Rxe1 Nh5 {
äàëåå çàïèñü íåðàçáîð~~èâà} 1-0

[Event "Ä13Â"]
[Site "Loo"]
[Date "2017.04.23"]
[Round "4.1"]
[White "Ñòåïàíÿí, Ýâà."]
[Black "Ñîâèíà, Ìàðèÿ."]
[Result "1/2-1/2"]
[WhiteElo "1938"]
[BlackElo "1734"]
[PlyCount "292"]
[EventDate "2017.04.20"]

1. e4 c5 2. Nf3 Nc6 3. d4 cxd4 4. Nxd4 Qc7 5. Nc3 e6 6. Be3 a6 7. Be2 b5 8. a3
Nf6 9. O-O Bb7 10. f4 Bc5 11. e5 Qb6 12. Bf3 Bxd4 13. Bxd4 Nxd4 14. Bxb7 Ne2+
15. Kh1 Nxc3 16. bxc3 Qxb7 17. exf6 gxf6 18. Qd4 Rg8 19. Rf3 f5 20. Re1 Qc7 21.
Qe5 Qc6 22. Qxf5 Rg6 23. Qe5 O-O-O 24. Rf2 Rdg8 25. Rg1 d6 26. Qd4 Qc5 27. Rd2
Qxd4 28. cxd4 Kd7 29. Rf1 Rf6 30. d5 e5 31. Rdf2 e4 32. f5 e3 33. Re2 Rg5 34.
g4 Rxg4 35. Rxe3 Rd4 36. Rd3 Rxd3 37. cxd3 Kc7 38. Kg2 Kb6 39. d4 Ka5 40. Kg3
Ka4 41. Kg4 h6 42. Rf3 b4 43. axb4 Kxb4 44. Kf4 a5 45. Rf1 a4 46. Rb1+ Kc3 47.
Ra1 Kb4 48. Rb1+ Kc4 49. Ra1 Kxd4 50. Rxa4+ Kxd5 51. h4 Kc5 52. Ra6 Kb5 53. Ra8
Kc6 54. h5 Kb7 55. Rg8 Kc6 56. Rg6 fxg6 57. hxg6 Rf8 58. g7 Rg8 59. f6 h5 60.
Kf5 h4 61. f7 Rxg7 62. f8=Q Rg3 63. Kf4 Ra3 64. Qe8+ Kc7 65. Qe1 Ra4+ 66. Kf3
Rc4 67. Qa5+ Kc6 68. Qa6+ Kc5 69. Qc8+ Kd5 70. Qf5+ Kc6 71. Kg2 d5 72. Qe6+ Kc5
73. Qe7+ Kc6 74. Kh3 Kb5 75. Qd6 Rd4 76. Qe5 Kc4 77. Qf6 Re4 78. Qc6+ Kd4 79.
Qc2 Ke5 80. Qc5 Rc4 81. Qe7+ Kf4 82. Qf7+ Ke5 83. Qh5+ Kd6 84. Qf7 Kc5 85. Qc7+
Kd4 86. Qd6 Ke4 87. Kxh4 Kd3+ 88. Kg3 d4 89. Qa6 Kc3 90. Kf3 d3 91. Ke3 d2 92.
Qd6 Kb3 93. Kxd2 Rc2+ 94. Kd1 Rc4 95. Qd5 Kb4 96. Kd2 Rc5 97. Qd6 Kc4 98. Kc2
Rd5 99. Qf4+ Rd4 100. Qc7+ Kd5 101. Kc3 Re4 102. Qa5+ Ke6 103. Kd3 Re5 104.
Qa2+ Kd6 105. Kd4 Rf5 106. Qa6+ Ke7 107. Ke4 Rg5 108. Kf4 Rd5 109. Qc6 Rd6 110.
Qc5 Ke6 111. Qf5+ Ke7 112. Ke5 Rc6 113. Qh7+ Kd8 114. Kd5 Rb6 115. Kc5 Re6 116.
Qg8+ Ke7 117. Qg7+ Ke8 118. Qc7 Re7 119. Qc8+ Kf7 120. Kd6 Re8 121. Qd7+ Kf8
122. Qh7 Re1 123. Qh6+ Kf7 124. Qf4+ Ke8 125. Qf3 Re7 126. Qg4 Kf8 127. Qf5+
Rf7 128. Qc8+ Kg7 129. Ke6 Rf6+ 130. Ke5 Rf7 131. Qc6 Re7+ 132. Kf5 Kf7 133.
Qg6+ Kf8 134. Qh6+ Kf7 135. Qh8 Rd7 136. Qh7+ Ke8 137. Qg8+ Ke7 138. Ke5 Rc7
139. Qg7+ Kd8 140. Qf8+ Kd7 141. Kd5 Rb7 142. Qf7+ Kc8 143. Qe8+ Kc7 144. Kc5
Ra7 145. Qe7+ Kb8 146. Qd8+ Kb7 1/2-1/2

[Event "Ä13Â"]
[Site "Loo"]
[Date "2017.04.23"]
[Round "4.2"]
[White "Ìèðîíåíêî, Ãàëèíà."]
[Black "Àëåêñååíêî, Ìàðèÿ."]
[Result "1-0"]
[WhiteElo "1956"]
[BlackElo "1684"]
[PlyCount "61"]
[EventDate "2017.04.20"]

1. e4 c5 2. Nf3 e6 3. d4 cxd4 4. Nxd4 a6 5. Bd3 Nf6 6. O-O Qc7 7. Qe2 d6 8. c4
Nbd7 9. Nc3 Be7 10. Bd2 b6 11. f4 Bb7 12. b4 Rc8 13. Rac1 Qb8 14. Nf3 O-O 15.
Rfe1 Qa8 16. a3 Rfd8 17. Qf2 Bf8 18. Qh4 d5 19. cxd5 exd5 20. e5 Ne4 21. Bxe4
dxe4 22. Ng5 h6 23. Ngxe4 Rxc3 24. Nxc3 Nxe5 25. fxe5 Rxd2 26. Ne4 Rd7 27. Nf6+
gxf6 28. Qg4+ Kh8 29. Qxd7 fxe5 30. Qxf7 Bd5 31. Qf5 1-0

[Event "Ä13Â"]
[Site "Loo"]
[Date "2017.04.23"]
[Round "4.3"]
[White "Ïàðñåãÿí, Êñåíèÿ."]
[Black "Êèð÷åé, Âèêòîðèÿ."]
[Result "1-0"]
[WhiteElo "1558"]
[BlackElo "1814"]
[PlyCount "117"]
[EventDate "2017.04.20"]

1. c4 e6 2. g3 d5 3. Bg2 Nf6 4. a3 c5 5. cxd5 exd5 6. d4 c4 7. Nc3 Nc6 8. Bg5
Be6 9. Bxf6 gxf6 10. e4 dxe4 11. d5 Ne5 12. dxe6 Nd3+ 13. Kf1 f5 14. Qh5 Qd4
15. Qxf7+ Kd8 16. Qd7+ Qxd7 17. exd7 Bc5 18. Nd1 Kxd7 19. Ne2 Rhf8 20. Nec3
Rae8 21. Bh3 Kc6 22. Kg2 f4 23. Rf1 h5 24. f3 exf3+ 25. Kh1 fxg3 26. hxg3 Bd6
27. Nf2 Nxf2+ 28. Rxf2 Kc5 29. Raf1 Re3 30. Rd2 Bxg3 31. Rd5+ Kb6 32. Rxh5 Rd3
33. Nd5+ Kc5 34. Nb4+ Kd4 35. Nxd3 cxd3 36. Rf5 Rxf5 37. Bxf5 d2 38. Bc2 Ke3
39. Bd1 f2 40. Kg2 Bh4 41. Rh1 Bf6 42. Rh3+ Ke4 43. b3 Bd4 44. Kf1 a5 45. a4 b6
46. Ke2 Bc5 47. Rh4+ Kf5 48. Rh5+ Ke4 49. Rxc5 bxc5 50. Kxf2 Kd3 51. Kf3 c4 52.
bxc4 Kxc4 53. Ke2 Kc3 54. Ke3 Kb4 55. Kxd2 Ka3 56. Kc3 Ka2 57. Kc4 Kb2 58. Kb5
Kc3 59. Kxa5 1-0

[Event "Ä13Â"]
[Site "Loo"]
[Date "2017.04.23"]
[Round "4.4"]
[White "Áîíäàðåâà, Äàðüÿ."]
[Black "Íóð-Ìóõàìåòîâà, Àëèñà."]
[Result "0-1"]
[WhiteElo "1778"]
[BlackElo "1723"]
[PlyCount "79"]
[EventDate "2017.04.20"]

1. e4 e6 2. d4 d5 3. exd5 exd5 4. c4 Nf6 5. Nc3 Be7 6. Bd3 O-O 7. Nge2 dxc4 8.
Bxc4 Nbd7 9. O-O Nb6 10. Bb3 c6 11. a3 Nbd5 12. Nf4 Re8 13. Nfxd5 Nxd5 14. Nxd5
cxd5 15. Qh5 Be6 16. Ba4 Rf8 17. Be3 Bf6 18. Qe2 Qa5 19. Bc2 Qb6 20. Rad1 g6
21. Bb1 Rfe8 22. Qd2 Rac8 23. Rc1 Bg7 24. Ba2 a6 25. h3 f5 26. f3 Bf7 27. Bf2
Qf6 28. Rfd1 g5 29. Rxc8 Rxc8 30. Rc1 Rd8 31. Qa5 h5 32. Qc7 g4 33. hxg4 fxg4
34. fxg4 hxg4 35. Rf1 Qd6 36. Qxd6 Rxd6 37. Rc1 Rc6 38. Rxc6 bxc6 39. Bb1 Be6
40. Be3 0-1

[Event "Ä13Â"]
[Site "Loo"]
[Date "2017.04.23"]
[Round "4.5"]
[White "Áîäíàðóê, Êñåíèÿ."]
[Black "ßêèìîâà, Ìàðèÿ."]
[Result "0-1"]
[WhiteElo "1677"]
[BlackElo "1730"]
[PlyCount "116"]
[EventDate "2017.04.20"]

1. e4 c5 2. f4 d6 3. Nf3 Nc6 4. Bb5 a6 5. Bxc6+ bxc6 6. Nc3 Nf6 7. d3 e6 8. O-O
Qc7 9. Bd2 Rb8 10. b3 Be7 11. h3 O-O 12. g4 Ne8 13. f5 exf5 14. exf5 g6 15. Bh6
Ng7 16. Nd2 d5 17. Qf3 Bf6 18. Bf4 Be5 19. Na4 Bxf4 20. Qxf4 Qxf4 21. Rxf4 gxf5
22. Nxc5 fxg4 23. hxg4 Rb5 24. d4 f5 25. Raf1 a5 26. Nf3 Re8 27. Ne5 Rxc5 28.
dxc5 Rxe5 29. gxf5 Nxf5 30. Ra4 d4 31. Rxa5 Ne3 32. Rf3 Nxc2 33. Ra8 Re8 34. a4
Ne1 35. Rf1 Nc2 36. Rd1 Rd8 37. Kf2 Kf7 38. a5 Nb4 39. Rb8 Na6 40. Rb6 Nxc5 41.
Rxc6 Ne4+ 42. Kf3 Nf6 43. a6 Bg4+ 44. Kf2 Bxd1 45. b4 Bb3 46. a7 Bd5 47. Rc1
Ba8 48. b5 Ne4+ 49. Ke1 d3 50. Rd1 d2+ 51. Kf1 Nc3 52. Rxd2 Rxd2 53. b6 Kf6 54.
Ke1 Re2+ 55. Kf1 Bf3 56. Kg1 Ne4 57. Kf1 Ng3+ 58. Kg1 Rg2# 0-1

[Event "Ä13Â"]
[Site "Loo"]
[Date "2017.04.23"]
[Round "4.6"]
[White "Êðóïíîâà, Àííà."]
[Black "Õóðõåñîâà, Âèêòîðèÿ."]
[Result "0-1"]
[WhiteElo "1556"]
[BlackElo "1694"]
[PlyCount "138"]
[EventDate "2017.04.20"]

1. d4 Nf6 2. Nf3 e6 3. g3 d5 4. Bg2 b5 5. O-O Bb7 6. b3 b4 7. a3 a5 8. axb4
axb4 9. Rxa8 Bxa8 10. c4 bxc3 11. Nxc3 c5 12. Ba3 Nbd7 13. Qc2 Be7 14. Rd1 cxd4
15. Bxe7 Qxe7 16. Nxd4 O-O 17. Ncb5 h6 18. Ra1 Qb4 19. Qc3 Qxc3 20. Nxc3 Rc8
21. Ncb5 Nb6 22. f3 Nfd7 23. Kf2 g6 24. h4 e5 25. Nd6 Rd8 26. N4b5 Bc6 27. Rc1
Bxb5 28. Nxb5 Rc8 29. Rxc8+ Nxc8 30. Bh3 Ncb6 31. Bxd7 Nxd7 32. Ke3 Nc5 33. b4
Na6 34. f4 exf4+ 35. gxf4 Nxb4 36. Kd4 h5 37. Nc7 Nc2+ 38. Kxd5 Ne3+ 39. Kd4
Nf5+ 40. Kd5 Nxh4 41. Nb5 Ng2 42. Ke4 h4 43. Kf3 h3 44. e3 Nxe3 45. Kg3 Nd5 46.
f5 gxf5 47. Kxh3 Kg7 48. Kg3 Kg6 49. Nd6 Kf6 50. Kf3 Ke6 51. Nc4 Ne7 52. Kf4
Ng6+ 53. Ke3 f4+ 54. Kf2 Kd5 55. Nd2 Ne5 56. Nf3 Nxf3 57. Kxf3 Ke5 58. Kf2 Ke4
59. Ke2 f3+ 60. Kf2 Kf4 61. Ke1 Ke3 62. Kf1 f2 63. Kg2 Ke2 64. Kg3 f1=Q 65. Kg4
Qf6 66. Kg3 Qf5 67. Kg2 Qg4+ 68. Kh2 Kf2 69. Kh1 Qg2# 0-1

[Event "Ä13Â"]
[Site "Loo"]
[Date "2017.04.23"]
[Round "4.7"]
[White "Êðàìàðåíêî, Åëåíà."]
[Black "Ìàëüöåâà, Åêàòåðèíà."]
[Result "0-1"]
[WhiteElo "1527"]
[BlackElo "1671"]
[PlyCount "96"]
[EventDate "2017.04.20"]

1. e4 c5 2. Nf3 d6 3. d4 cxd4 4. Nxd4 Nf6 5. Nc3 g6 6. Be3 Bg7 7. f3 O-O 8. Bc4
Nc6 9. Qd2 Bd7 10. Bb3 Rc8 11. h4 h5 12. O-O-O Ne5 13. g4 hxg4 14. h5 Nxh5 15.
Bh6 Nc4 16. Bxc4 Rxc4 17. Rxh5 Rxd4 18. Qg5 Rxd1+ 19. Nxd1 e5 20. Qxd8 Rxd8 21.
Rh1 gxf3 22. Bxg7 Kxg7 23. Rf1 Bg4 24. Ne3 Bh5 25. Kd2 Rc8 26. c4 Rf8 27. Rg1
Kh6 28. Nd5 f5 29. Ke3 fxe4 30. Kxe4 f2 31. Rf1 Be2 32. Rh1+ Kg7 33. Nc7 f1=Q
34. Ne6+ Kg8 35. Rxf1 Rxf1 36. Kd5 Rd1+ 37. Ke4 Bxc4 38. Ng5 Rd4+ 39. Ke3 Rg4
40. Ne4 Rxe4+ 41. Kxe4 Bxa2 42. Kf3 d5 43. b3 Bxb3 44. Ke3 a5 45. Kd2 a4 46.
Kc3 g5 47. Kb2 g4 48. Ka3 g3 0-1

[Event "Ä13Â"]
[Site "Loo"]
[Date "2017.04.23"]
[Round "4.8"]
[White "Ïîðòíîâà, Êñåíèÿ."]
[Black "Êóçíåöîâà, Ìàðèíà."]
[Result "0-1"]
[WhiteElo "1510"]
[BlackElo "1649"]
[PlyCount "80"]
[EventDate "2017.04.20"]

1. c4 e5 2. g3 Nf6 3. Bg2 Bc5 4. Nc3 Nc6 5. e3 d6 6. Nge2 Bf5 7. d4 exd4 8.
exd4 Bb4 9. O-O O-O 10. a3 Bxc3 11. Nxc3 Re8 12. Bf4 Ne4 13. Nd5 h6 14. Be3 Ne7
15. Qf3 Qd7 16. Nc3 Ng6 17. Qe2 Nxc3 18. bxc3 c6 19. a4 Re7 20. a5 Rae8 21. Qd2
Be4 22. a6 b6 23. Rfd1 Bxg2 24. Kxg2 Qg4 25. h3 Nh4+ 26. Kh2 Nf3+ 27. Kg2 Nxd2
28. hxg4 Nxc4 29. Bf4 g5 30. Bc1 Re2 31. d5 c5 32. Ra4 R8e4 33. Rd3 b5 34. Ra1
Rc2 35. Ba3 Ree2 36. Rf3 Ne5 37. Rf5 Nxg4 38. Kg1 Nxf2 39. Rf1 Nh3+ 40. Kh1
Rh2# 0-1

[Event "Ä13Â"]
[Site "Loo"]
[Date "2017.04.23"]
[Round "4.9"]
[White "Äàøèíà, Ñîôèÿ."]
[Black "Ôðîëîâà, Ëàäà."]
[Result "1/2-1/2"]
[WhiteElo "1644"]
[BlackElo "1475"]
[PlyCount "85"]
[EventDate "2017.04.20"]

1. Nf3 Nf6 2. c4 g6 3. Nc3 d5 4. Qa4+ c6 5. cxd5 Nxd5 6. Nxd5 Qxd5 7. e4 Qd8 8.
d4 Bg7 9. Be3 O-O 10. Be2 Nd7 11. O-O Nf6 12. Qc2 Be6 13. Rfd1 Rc8 14. Ne1 Qc7
15. f3 Rfd8 16. Nd3 Nd7 17. Nf4 Nf8 18. Nxe6 Nxe6 19. e5 Qb6 20. Qc3 c5 21.
dxc5 Rxd1+ 22. Rxd1 Nxc5 23. b4 Qe6 24. bxc5 Bxe5 25. Qd2 Qf6 26. Bh6 e6 27.
Bg5 Qf5 28. f4 Bg7 29. Be7 Bh6 30. Qd7 Rb8 31. Bd6 Ra8 32. Qxb7 Rd8 33. Qf3 Qc2
34. c6 Rxd6 35. Rxd6 Qc5+ 36. Qf2 Qxd6 37. Qxa7 Qxc6 38. Qb8+ Kg7 39. Qe5+ f6
40. Qe3 Qc7 41. Qxe6 Bxf4 42. g3 Be5 43. Bc4 1/2-1/2

[Event "Ä13Â"]
[Site "Loo"]
[Date "2017.04.23"]
[Round "4.10"]
[White "Åìåëüÿíîâà, Åëåíà."]
[Black "Òî÷èëêèíà, Åêàòåðèíà."]
[Result "1-0"]
[WhiteElo "1504"]
[BlackElo "1633"]
[PlyCount "71"]
[EventDate "2017.04.20"]

1. e4 c5 2. c3 Nf6 3. e5 Nd5 4. d4 cxd4 5. Nf3 Nc6 6. cxd4 d6 7. Bc4 Nb6 8. Bb5
dxe5 9. Nxe5 Bd7 10. Nxd7 Qxd7 11. O-O g6 12. Re1 Bg7 13. Be3 O-O 14. Nc3 a6
15. Bxc6 Qxc6 16. Rc1 Qd7 17. Ne4 Rfd8 18. Nc5 Qd5 19. Nb3 Nc4 20. Qe2 Rac8 21.
Rc3 Na5 22. Nxa5 Qxa5 23. Rxc8 Rxc8 24. a3 e6 25. Rd1 Rd8 26. h3 Qd5 27. Bf4 e5
28. Bg5 Rd7 29. Rc1 f6 30. Be3 exd4 31. Rc8+ Rd8 32. Rxd8+ Qxd8 33. Qc4+ Kf8
34. Bxd4 Qd7 35. Bc5+ Ke8 36. Qg8+ 1-0

[Event "Ä13Â"]
[Site "Loo"]
[Date "2017.04.23"]
[Round "4.11"]
[White "Ìåëåí÷óê, Îëüãà."]
[Black "Òîêìàêîâà, Óëüÿíà."]
[Result "1-0"]
[WhiteElo "1631"]
[BlackElo "1315"]
[PlyCount "53"]
[EventDate "2017.04.20"]

1. Nf3 Nf6 2. c4 e6 3. g3 b6 4. Bg2 Bb7 5. O-O Be7 6. Nc3 O-O 7. Re1 d5 8. cxd5
Nxd5 9. e4 Nf6 10. d4 c5 11. Bf4 cxd4 12. Nb5 Na6 13. Nfxd4 Bc5 14. a3 Qe7 15.
Bg5 h6 16. e5 hxg5 17. exf6 gxf6 18. Nf5 Bxf2+ 19. Kxf2 Qc5+ 20. Nfd4 Bxg2 21.
Kxg2 e5 22. Rc1 Qd5+ 23. Qf3 Qd7 24. Qc6 Qg4 25. Re4 Qh5 26. Nf5 g4 27. Qxf6
1-0

[Event "Ä13Â"]
[Site "Loo"]
[Date "2017.04.23"]
[Round "4.12"]
[White "Ïàëü÷óí, Ïîëèíà."]
[Black "×åðåïàíîâà, Ýâèòà."]
[Result "0-1"]
[WhiteElo "1444"]
[BlackElo "1612"]
[PlyCount "76"]
[EventDate "2017.04.20"]

1. d4 Nf6 2. c4 g6 3. Nc3 Bg7 4. e4 d6 5. Be2 O-O 6. g4 a6 7. g5 Nfd7 8. h4 c5
9. d5 b5 10. h5 Ne5 11. cxb5 axb5 12. Nxb5 Ba6 13. Nc3 c4 14. Be3 Nd3+ 15. Bxd3
cxd3 16. hxg6 fxg6 17. Qg4 Qa5 18. Rc1 Qb4 19. Qh3 Rf7 20. Qxh7+ Kf8 21. Qxg6
Qxb2 22. Nd1 d2+ 23. Bxd2 Qb5 24. Ne3 Nd7 25. Bc3 Ne5 26. Bxe5 Bxe5 27. Qh6+
Bg7 28. Qh2 Qb4+ 29. Kd1 Qxe4 30. Rc2 Qd3+ 31. Kc1 Qa3+ 32. Kd1 Rb8 33. Ne2
Rb1+ 34. Nc1 Qd3+ 35. Rd2 Qa3 36. Rc2 Rxc1+ 37. Kd2 Bc3+ 38. Rxc3 Qxc3# 0-1

[Event "Ä13Â"]
[Site "Loo"]
[Date "2017.04.23"]
[Round "4.13"]
[White "Ðåãåð, Âàëåðèÿ."]
[Black "Ñîñíèíà, Íàäåæäà."]
[Result "1/2-1/2"]
[WhiteElo "1388"]
[BlackElo "1610"]
[PlyCount "80"]
[EventDate "2017.04.20"]

1. d4 Nf6 2. Bf4 g6 3. e3 Bg7 4. Be2 O-O 5. Nd2 d6 6. c3 Nc6 7. Bf3 e5 8. Bg3
Qe8 9. d5 Ne7 10. e4 Nd7 11. Qc2 Nb6 12. c4 f5 13. h3 fxe4 14. Bxe4 Nf5 15. Ne2
Nd7 16. O-O Nc5 17. b4 Nxe4 18. Nxe4 Nxg3 19. N2xg3 a5 20. c5 Qe7 21. Qc4 axb4
22. cxd6 cxd6 23. Qxb4 Ra6 24. Qb3 Bh6 25. a4 Qc7 26. a5 b6 27. axb6 Rxb6 28.
Qa3 Bb7 29. Rfd1 Qf7 30. Qd3 Qc7 31. Rab1 Ba6 32. Qa3 Rfb8 33. Rxb6 Rxb6 34.
Qf3 Rb8 35. Qa3 Rb6 36. Qf3 Rb8 37. Qa3 Rb6 38. Qf3 Rb8 39. Qa3 Rb6 40. Qf3 Rb8
1/2-1/2

[Event "Ä13Â"]
[Site "Loo"]
[Date "2017.04.23"]
[Round "4.14"]
[White "Êàñàåâà, Ñîôèÿ."]
[Black "Âîñòðèêîâà, Ñòàíèñëàâà."]
[Result "0-1"]
[WhiteElo "1661"]
[BlackElo "1519"]
[PlyCount "124"]
[EventDate "2017.04.20"]

1. e4 e6 2. d4 d5 3. Nd2 c5 4. Ngf3 Nc6 5. exd5 Qxd5 6. Bc4 Qd7 7. Nb3 cxd4 8.
O-O Nf6 9. Qe2 a6 10. a4 Qc7 11. Rd1 Bd6 12. h3 O-O 13. Nfxd4 Nxd4 14. Nxd4 h6
15. Bb3 Rd8 16. Be3 Bh2+ 17. Kh1 Be5 18. c3 b6 19. Re1 Nd5 20. Bxd5 Rxd5 21.
Rad1 Bb7 22. Qg4 Kh8 23. f4 Bf6 24. f5 Bxd4 25. Bxd4 e5 26. Be3 f6 27. Qg6 Qd7
28. Rxd5 Bxd5 29. Bxh6 gxh6 30. Qxh6+ Qh7 31. Qxf6+ Qg7 32. Qxg7+ Kxg7 33. Rxe5
Rd8 34. Re2 Kf6 35. Rf2 Bc6 36. Kh2 Bxa4 37. g4 Kg5 38. Kg3 Rh8 39. f6 Bd7 40.
h4+ Kg6 41. g5 Re8 42. Rd2 Bf5 43. Rd6 Re6 44. Rd8 Re3+ 45. Kf2 Rh3 46. Rd4
Rh2+ 47. Kg3 Rxb2 48. Kf4 Rf2+ 49. Ke5 Re2+ 50. Kd6 Re6+ 51. Kd5 Re8 52. Rf4 a5
53. Kc6 Re6+ 54. Kd5 Re8 55. Kd6 b5 56. Rxf5 Kxf5 57. f7 Rh8 58. Ke7 a4 59.
f8=Q+ Rxf8 60. Kxf8 Kg6 61. Ke7 a3 62. h5+ Kxg5 0-1